[Event "NB II. Erkel csoport"]
[Site "Budapest"]
[Date "2024.03.10"]
[Round "6.8"]
[White "Csalami, Gabor"]
[Black "Mester, Attila"]
[Result "1-0"]
[WhiteElo "1945"]
[BlackElo "1984"]
[PlyCount "125"]
[EventDate "2023.10.08"]
[EventType "team-tourn"]
[EventRounds "9"]
[EventCountry "HUN"]
[Source "chess.hu"]
[WhiteTeam "TFSE"]
[BlackTeam "Fot SE-LearningChess"]
[WhiteTeamCountry "HUN"]
[BlackTeamCountry "HUN"]

1. e4 c5 2. Nf3 Nc6 3. d4 cxd4 4. Nxd4 Qb6 5. Nb3 Nf6 6. Nc3 e6 7. Be3 Qc7 8.
Bd3 a6 9. O-O b5 10. f4 d6 11. a4 b4 12. Ne2 Be7 13. Ng3 h5 14. a5 h4 15. Nh1
Bb7 16. Nf2 Nd7 17. Qe2 Nc5 18. Bxc5 dxc5 19. Qg4 g6 20. Nh3 Rd8 21. Ng5 Bc8
22. e5 Bxg5 23. Qxg5 Nd4 24. Nxd4 Rxd4 25. Qf6 Rg8 26. Qxh4 Qxe5 27. Rae1 Qd5
28. Qh7 Rf8 29. Re5 Qd6 30. Qg7 b3 31. f5 gxf5 32. Bxf5 bxc2 33. Bxc2 Bd7 34.
Ree1 Rd2 35. Be4 Qd4+ 36. Qxd4 cxd4 37. Rf2 Rxf2 38. Kxf2 Ke7 39. Bd3 Kd6 40.
b4 Rb8 41. Rb1 Bb5 42. Ke2 f5 43. Bxb5 Rxb5 44. h4 e5 45. h5 e4 46. h6 f4 47.
Rh1 Rxb4 48. Rh4 Rb2+ 49. Kd1 d3 50. Rxf4 Ke5 51. h7 Rb1+ 52. Kd2 Rb2+ 53. Kc1
Rc2+ 54. Kd1 Kxf4 55. h8=Q Rxg2 56. Qh6+ Kf3 57. Qxa6 Rg1+ 58. Kd2 Rg2+ 59. Kc3
Rc2+ 60. Kd4 Rc1 61. Qf6+ Ke2 62. Kxe4 Rf1 63. Qxf1+ 1-0

[Event "NB II. Erkel csoport"]
[Site "Budapest"]
[Date "2024.03.10"]
[Round "6.9"]
[White "Andreeva, Elena"]
[Black "Molnar, Marton Marcello"]
[Result "1-0"]
[WhiteElo "1912"]
[BlackElo "1891"]
[PlyCount "57"]
[EventDate "2023.10.08"]
[EventType "team-tourn"]
[EventRounds "9"]
[EventCountry "HUN"]
[Source "chess.hu"]
[WhiteTeam "Fot SE-LearningChess"]
[BlackTeam "TFSE"]
[WhiteTeamCountry "HUN"]
[BlackTeamCountry "HUN"]

1. e4 c5 2. Nf3 d6 3. d4 cxd4 4. Nxd4 g6 5. c4 Bg7 6. Be3 Nf6 7. Nc3 O-O 8. Be2
Nbd7 9. O-O h6 10. f4 a6 11. Bf3 Qc7 12. b3 Nc5 13. Rc1 Kh7 14. b4 Ncd7 15. Nd5
Nxd5 16. cxd5 Qd8 17. Rf2 h5 18. Rfc2 Nf6 19. h3 Ne8 20. f5 Bd7 21. g4 h4 22.
Ne2 Ba4 23. Qe1 Bxc2 24. Qxh4+ Kg8 25. Rxc2 e6 26. Bg5 Qb6+ 27. Kg2 exd5 28.
exd5 f6 29. fxg6 1-0

[Event "NB II. Erkel csoport"]
[Site "Budapest"]
[Date "2024.03.10"]
[Round "6.10"]
[White "Janosi, Bence"]
[Black "Rozsa, Sandor"]
[Result "1/2-1/2"]
[WhiteElo "1813"]
[BlackElo "1846"]
[PlyCount "53"]
[EventDate "2023.10.08"]
[EventType "team-tourn"]
[EventRounds "9"]
[EventCountry "HUN"]
[Source "chess.hu"]
[WhiteTeam "TFSE"]
[BlackTeam "Fot SE-LearningChess"]
[WhiteTeamCountry "HUN"]
[BlackTeamCountry "HUN"]

1. d4 d5 2. c4 dxc4 3. e3 Nf6 4. Bxc4 a6 5. a4 e6 6. Nf3 Nbd7 7. Nc3 Be7 8. e4
O-O 9. e5 Ne8 10. h4 c5 11. Ng5 h6 12. Qd3 g6 13. Nxe6 Nxe5 14. Nxd8 Nxd3+ 15.
Bxd3 Bxd8 16. Bxh6 Ng7 17. Bxg7 Re8+ 18. Kd2 Kxg7 19. dxc5 Be7 20. Nd5 Bd8 21.
Rae1 Rh8 22. Kc2 Rh5 23. Nc3 Rxc5 24. f3 Bf6 25. Re8 b5 26. Re4 Bb7 27. axb5
1/2-1/2

[Event "NB II. Erkel csoport"]
[Site "Budapest"]
[Date "2024.03.10"]
[Round "6.11"]
[White "Vrona, Mihail"]
[Black "Kubik, Anna Zsofia"]
[Result "1-0"]
[WhiteElo "1932"]
[BlackElo "1778"]
[PlyCount "55"]
[EventDate "2023.10.08"]
[EventType "team-tourn"]
[EventRounds "9"]
[EventCountry "HUN"]
[Source "chess.hu"]
[WhiteTeam "Fot SE-LearningChess"]
[BlackTeam "TFSE"]
[WhiteTeamCountry "HUN"]
[BlackTeamCountry "HUN"]

1. d4 d5 2. c4 e6 3. Nc3 c6 4. e4 Bb4 5. e5 f6 6. Nf3 Nd7 7. Bd3 fxe5 8. dxe5
d4 9. Nxd4 Nxe5 10. Bc2 Nf6 11. O-O Bxc3 12. bxc3 c5 13. Ba4+ Kf7 14. Qe2 cxd4
15. Qxe5 d3 16. Bg5 Bd7 17. Bb3 Bc6 18. Rad1 a5 19. c5 Bd5 20. Rxd3 Qc8 21.
Bxf6 Bxb3 22. Bxg7 Bxa2 23. Bxh8 Qxh8 24. Rd7+ Kg6 25. Qg3+ Kh6 26. Qh4+ Kg6
27. Qg4+ Kh6 28. Rd3 1-0

[Event "NB II. Erkel csoport"]
[Site "Budapest"]
[Date "2024.03.10"]
[Round "6.12"]
[White "Hegedus, Bernat"]
[Black "Schmelowszky, David"]
[Result "0-1"]
[WhiteElo "1858"]
[BlackElo "1788"]
[PlyCount "136"]
[EventDate "2023.10.08"]
[EventType "team-tourn"]
[EventRounds "9"]
[EventCountry "HUN"]
[Source "chess.hu"]
[WhiteTeam "TFSE"]
[BlackTeam "Fot SE-LearningChess"]
[WhiteTeamCountry "HUN"]
[BlackTeamCountry "HUN"]

1. d4 Nf6 2. c4 d6 3. Nc3 g6 4. e4 Bg7 5. f3 O-O 6. Be3 Nbd7 7. Nge2 e5 8. d5
h6 9. Qd2 Kh7 10. O-O-O b6 11. g4 Ne8 12. h4 a5 13. Ng3 Nc5 14. Kb1 Bd7 15. Qh2
f6 16. g5 h5 17. gxf6 Nxf6 18. Bh3 Na4 19. Nce2 Rb8 20. Bxd7 Qxd7 21. Ng1 b5
22. Bc1 bxc4 23. Ka1 Bh6 24. Bxh6 Kxh6 25. Rb1 Rb6 26. Qd2+ Kh7 27. Rh2 c3 28.
bxc3 Rxb1+ 29. Kxb1 Rb8+ 30. Ka1 Qb5 31. Qc1 Nxc3 32. Rb2 Qa4 33. Nh3 Rxb2 34.
Kxb2 Qb4+ 35. Kc2 Nxa2 36. Qe3 Qc4+ 37. Kb2 Nb4 38. Ng5+ Kg8 39. Qc3 Nd3+ 40.
Kc2 Qxc3+ 41. Kxc3 Nc5 42. Nf1 Nh7 43. Ne6 Nxe6 44. dxe6 Kf8 45. Kb3 Ke7 46.
Ka4 Kxe6 47. Kxa5 g5 48. hxg5 Nxg5 49. Nh2 d5 50. Kb5 dxe4 51. fxe4 Kd6 52. Kc4
Nxe4 53. Kd3 Ng5 54. Ke3 Kd5 55. Kd3 c5 56. Ke3 c4 57. Ke2 Kd4 58. Kd2 e4 59.
Kc2 Nf3 60. Nf1 h4 61. Kd1 h3 62. Ke2 c3 63. Kd1 h2 64. Nxh2 Nxh2 65. Kc2 e3
66. Kd1 Nf3 67. Ke2 c2 68. Kxf3 c1=Q 0-1

[Event "NB II. Erkel csoport"]
[Site "Fot"]
[Date "2024.04.07"]
[Round "7.1"]
[White "Nguyen, Huynh Minh Huy"]
[Black "Sagi, Bence"]
[Result "1/2-1/2"]
[WhiteElo "2435"]
[BlackElo "2161"]
[PlyCount "105"]
[EventDate "2023.10.08"]
[EventType "team-tourn"]
[EventRounds "9"]
[EventCountry "HUN"]
[Source "chess.hu"]
[WhiteTeam "Dunaharaszti MTK II."]
[BlackTeam "Fot SE-LearningChess"]
[WhiteTeamCountry "HUN"]
[BlackTeamCountry "HUN"]

1. d4 d5 2. c4 c6 3. Nf3 Nf6 4. Qc2 g6 5. Bf4 dxc4 6. Qxc4 Be6 7. Qc2 Bf5 8.
Qb3 Qb6 9. Nbd2 Nbd7 10. e3 Qxb3 11. Nxb3 Nd5 12. Bg3 a5 13. a3 Bg7 14. Be2 O-O
15. O-O Rfe8 16. Rac1 e5 17. Nxe5 Nxe5 18. Bxe5 Bxe5 19. dxe5 Rxe5 20. Rfd1 Re7
21. Rc5 a4 22. Nd4 Bd7 23. h3 Nc7 24. Rc3 Ne6 25. Nf3 Ra5 26. Bc4 Ng5 27. Nd4
Ne6 28. Ne2 Nc5 29. Rc2 Be6 30. Rd4 Nb3 31. Rd8+ Kg7 32. Bxe6 Rxe6 33. Rd7 Nc5
34. Rc7 Rd6 35. Nd4 Nb3 36. Ne2 Nc5 37. g4 Rd7 38. Rxc5 Rd1+ 39. Kg2 Rxc5 40.
Rxb7 Rb5 41. Rc7 Rxb2 42. Nc3 Rc1 43. Ne4 Rb3 44. g5 Kf8 45. Nd6 Rxa3 46. Rxf7+
Kg8 47. Rd7 Rb3 48. Ne4 a3 49. Nf6+ Kf8 50. Nxh7+ Ke8 51. Nf6+ Kf8 52. Nh7+ Ke8
53. Nf6+ 1/2-1/2

[Event "NB II. Erkel csoport"]
[Site "Fot"]
[Date "2024.04.07"]
[Round "7.3"]
[White "Vegh, Endre"]
[Black "Sofrygin, Alexey"]
[Result "1-0"]
[WhiteElo "2160"]
[BlackElo "2215"]
[PlyCount "61"]
[EventDate "2023.10.08"]
[EventType "team-tourn"]
[EventRounds "9"]
[EventCountry "HUN"]
[Source "chess.hu"]
[WhiteTeam "Dunaharaszti MTK II."]
[BlackTeam "Fot SE-LearningChess"]
[WhiteTeamCountry "HUN"]
[BlackTeamCountry "HUN"]

1. d4 Nf6 2. c4 e6 3. Nc3 Bb4 4. a3 Bxc3+ 5. bxc3 c5 6. f3 d5 7. cxd5 exd5 8.
e3 O-O 9. Bd3 Nc6 10. Ne2 Re8 11. O-O Bd7 12. Ng3 g6 13. Ra2 Rc8 14. Re2 Qa5
15. Bb2 Nd8 16. h3 Ba4 17. Qe1 Bb5 18. Bxb5 Qxb5 19. e4 Ne6 20. e5 Nf4 21. Rd2
c4 22. Qe3 Nd3 23. Qh6 Nd7 24. f4 f5 25. exf6 Nxf6 26. f5 Qd7 27. fxg6 Rc6 28.
Rxf6 Rxf6 29. gxh7+ Qxh7 30. Qxf6 Re1+ 31. Kh2 1-0

[Event "NB II. Erkel csoport"]
[Site "Fot"]
[Date "2024.04.07"]
[Round "7.4"]
[White "Gubics, Peter"]
[Black "Baski, Barnabas"]
[Result "0-1"]
[WhiteElo "1981"]
[BlackElo "2146"]
[PlyCount "74"]
[EventDate "2023.10.08"]
[EventType "team-tourn"]
[EventRounds "9"]
[EventCountry "HUN"]
[Source "chess.hu"]
[WhiteTeam "Fot SE-LearningChess"]
[BlackTeam "Dunaharaszti MTK II."]
[WhiteTeamCountry "HUN"]
[BlackTeamCountry "HUN"]

1. c4 c5 2. g3 Nc6 3. Bg2 g6 4. Nc3 Bg7 5. Nf3 d6 6. O-O e5 7. d3 Nge7 8. Rb1
O-O 9. a3 a5 10. Ne1 Be6 11. Nc2 d5 12. cxd5 Nxd5 13. Ne4 Qe7 14. Ng5 Rfd8 15.
Nxe6 Qxe6 16. Ne3 Nde7 17. Bd2 Ra7 18. b4 cxb4 19. axb4 a4 20. b5 Nd4 21. b6
Ra6 22. Nc4 Nec6 23. Bc1 Bf8 24. Bb2 a3 25. Bxd4 exd4 26. Ra1 a2 27. Qb3 Qxe2
28. Bxc6 bxc6 29. Rfc1 Re8 30. b7 Rb8 31. Rc2 Qe7 32. Rcxa2 Rxa2 33. Qxa2 Qxb7
34. Kg2 c5+ 35. Kg1 Re8 36. Qd2 Qf3 37. Ra2 Bh6 0-1

[Event "NB II. Erkel csoport"]
[Site "Fot"]
[Date "2024.04.07"]
[Round "7.5"]
[White "Markos, Adam"]
[Black "Bokros, Istvan"]
[Result "1/2-1/2"]
[WhiteElo "2091"]
[BlackElo "1983"]
[PlyCount "55"]
[EventDate "2023.10.08"]
[EventType "team-tourn"]
[EventRounds "9"]
[EventCountry "HUN"]
[Source "chess.hu"]
[WhiteTeam "Dunaharaszti MTK II."]
[BlackTeam "Fot SE-LearningChess"]
[WhiteTeamCountry "HUN"]
[BlackTeamCountry "HUN"]

1. e4 c5 2. Nf3 Nc6 3. d4 cxd4 4. Nxd4 g6 5. c4 Nf6 6. Nc3 Nxd4 7. Qxd4 d6 8.
Be3 Bg7 9. f3 O-O 10. Qd2 Be6 11. Nb5 a6 12. Nd4 Bd7 13. Be2 Qc7 14. O-O Rfc8
15. Rac1 Qd8 16. Rfd1 Qe8 17. b4 Ba4 18. Nb3 Nd7 19. c5 dxc5 20. bxc5 Ne5 21.
Qb4 Bb5 22. Qe1 Bxe2 23. Qxe2 Qb5 24. Kf2 Nc6 25. Rd7 Ne5 26. Rd2 Nc6 27. Rd7
Ne5 28. Rd2 1/2-1/2

[Event "NB II. Erkel csoport"]
[Site "Fot"]
[Date "2024.04.07"]
[Round "7.6"]
[White "Dancs, Zsolt"]
[Black "Szekeres, Tibor"]
[Result "0-1"]
[WhiteElo "2061"]
[BlackElo "2032"]
[PlyCount "76"]
[EventDate "2023.10.08"]
[EventType "team-tourn"]
[EventRounds "9"]
[EventCountry "HUN"]
[Source "chess.hu"]
[WhiteTeam "Fot SE-LearningChess"]
[BlackTeam "Dunaharaszti MTK II."]
[WhiteTeamCountry "HUN"]
[BlackTeamCountry "HUN"]

1. e4 d5 2. exd5 Nf6 3. Nc3 Nxd5 4. Bc4 Nxc3 5. bxc3 e6 6. Nf3 Be7 7. d4 O-O 8.
O-O Nd7 9. a4 a5 10. Re1 Nb6 11. Bb3 Bd7 12. Ne5 Bf6 13. Nxd7 Qxd7 14. Qf3 c6
15. Re4 Kh8 16. Rb1 Nc8 17. Rg4 Nd6 18. Ba3 Rfd8 19. Bxd6 Qxd6 20. Bc4 Rab8 21.
Bd3 b5 22. axb5 cxb5 23. Rf4 e5 24. Qh3 g6 25. dxe5 Qxe5 26. Qf3 Kg7 27. g3 a4
28. Rxb5 Rxb5 29. Bxb5 a3 30. Bc4 Rd7 31. Qc6 Rc7 32. Qb6 Bg5 33. Rd4 Be3 34.
fxe3 Qxe3+ 35. Kg2 Rxc4 36. Qa5 Rxc3 37. Rf4 Rxc2+ 38. Kh3 Qe6+ 0-1

[Event "NB II. Erkel csoport"]
[Site "Fot"]
[Date "2024.04.07"]
[Round "7.8"]
[White "Meszaros, Matyas"]
[Black "Kovacs, Istvan"]
[Result "1/2-1/2"]
[WhiteElo "2020"]
[BlackElo "2059"]
[PlyCount "92"]
[EventDate "2023.10.08"]
[EventType "team-tourn"]
[EventRounds "9"]
[EventCountry "HUN"]
[Source "chess.hu"]
[WhiteTeam "Fot SE-LearningChess"]
[BlackTeam "Dunaharaszti MTK II."]
[WhiteTeamCountry "HUN"]
[BlackTeamCountry "HUN"]

1. d4 Nf6 2. c4 e6 3. Nc3 Bb4 4. e3 c5 5. Nge2 O-O 6. a3 Bxc3+ 7. Nxc3 cxd4 8.
exd4 d5 9. Bd3 dxc4 10. Bxc4 Nc6 11. Be3 Ne7 12. O-O Ned5 13. Rc1 Qd6 14. Bg5
Nxc3 15. bxc3 Ne4 16. Bh4 Bd7 17. f3 Nf6 18. Qb3 Rac8 19. Bg3 Qc6 20. Bd3 Qa4
21. Qxa4 Bxa4 22. c4 Rfd8 23. Bf2 Nd7 24. Be4 b6 25. Rc3 Nb8 26. Rfc1 f5 27.
Bb1 g6 28. Ba2 Kf7 29. d5 exd5 30. cxd5 Rxc3 31. Rxc3 Na6 32. d6+ Kf8 33. Bg3
g5 34. Be5 Nc5 35. Bd5 Bb5 36. g3 h6 37. f4 Bd3 38. Bd4 Be4 39. Bxc5 Bxd5 40.
Be3 g4 41. Rc7 Rxd6 42. Rxa7 Bc4 43. Rb7 Rd1+ 44. Kf2 Rh1 45. Bxb6 Rxh2+ 46.
Ke3 Re2+ 1/2-1/2

[Event "NB II. Erkel csoport"]
[Site "Fot"]
[Date "2024.04.07"]
[Round "7.9"]
[White "Fodre, Sandor"]
[Black "Pallagi, Janos"]
[Result "0-1"]
[WhiteElo "1918"]
[BlackElo "1988"]
[PlyCount "134"]
[EventDate "2023.10.08"]
[EventType "team-tourn"]
[EventRounds "9"]
[EventCountry "HUN"]
[Source "chess.hu"]
[WhiteTeam "Dunaharaszti MTK II."]
[BlackTeam "Fot SE-LearningChess"]
[WhiteTeamCountry "HUN"]
[BlackTeamCountry "HUN"]

1. e4 e5 2. Nf3 Nf6 3. Nc3 Bb4 4. Bc4 Nc6 5. O-O Bxc3 6. bxc3 d6 7. Re1 Bg4 8.
Rb1 O-O 9. h3 Bxf3 10. Qxf3 Rb8 11. d3 Na5 12. Bb3 h6 13. Be3 Nxb3 14. axb3 a6
15. d4 Qe7 16. dxe5 dxe5 17. b4 Rfd8 18. Rbd1 Rxd1 19. Rxd1 Qe6 20. Rd3 Kh8 21.
Qd1 Re8 22. f3 Re7 23. Qd2 Rd7 24. Kh2 Rxd3 25. cxd3 Kh7 26. f4 exf4 27. Bxf4
c6 28. Qe3 g5 29. Bb8 Nd7 30. Bc7 f5 31. e5 Nf6 32. c4 Nd7 33. Bd6 Kg6 34. Qd4
h5 35. g3 Qf7 36. h4 f4 37. hxg5 fxg3+ 38. Kxg3 Qf5 39. Qe4 Qxe4 40. dxe4 Kxg5
41. Be7+ Kg6 42. Kf4 Kf7 43. Bd6 Ke6 44. c5 h4 45. Kg4 Nxe5+ 46. Kxh4 Nd3 47.
Kg4 Nxb4 48. Kf3 a5 49. Ke3 b5 50. Kd2 a4 51. Kc3 Na6 52. Kb2 Kd7 53. Ka3 Nc7
54. Kb4 Ne6 55. Ka3 Ng5 56. e5 Ke6 57. Kb4 Nf3 58. Bf8 Kxe5 59. Ka3 Kd5 60. Kb4
Ne5 61. Kc3 Nd7 62. Bg7 Nxc5 63. Kb4 Ne6 64. Bb2 Nd4 65. Kc3 c5 66. Ba3 b4+ 67.
Bxb4 Ne2+ 0-1

[Event "NB II. Erkel csoport"]
[Site "Fot"]
[Date "2024.04.07"]
[Round "7.10"]
[White "Harkanyi, Adam"]
[Black "Schubert, Gyula"]
[Result "0-1"]
[WhiteElo "1895"]
[BlackElo "1980"]
[PlyCount "134"]
[EventDate "2023.10.08"]
[EventType "team-tourn"]
[EventRounds "9"]
[EventCountry "HUN"]
[Source "chess.hu"]
[WhiteTeam "Fot SE-LearningChess"]
[BlackTeam "Dunaharaszti MTK II."]
[WhiteTeamCountry "HUN"]
[BlackTeamCountry "HUN"]

1. e4 d6 2. d4 Nf6 3. Nc3 g6 4. Bg5 Bg7 5. Nf3 c6 6. Qd2 h6 7. Be3 b5 8. Bd3
Ng4 9. h3 Nxe3 10. Qxe3 e5 11. dxe5 dxe5 12. Qc5 Qe7 13. Qxe7+ Kxe7 14. g4 Be6
15. Nd2 Nd7 16. f3 Rhd8 17. Nb3 a5 18. Ke2 a4 19. Nd2 Nb6 20. b3 Bf8 21. bxa4
Nxa4 22. Nxa4 Rxa4 23. Rhc1 Rda8 24. c4 Rxa2 25. Rxa2 Rxa2 26. cxb5 cxb5 27.
Bxb5 Kf6 28. Bc4 Rb2 29. Bxe6 Bb4 30. Rd1 fxe6 31. h4 Bc3 32. Kd3 Bd4 33. f4
Ra2 34. Nf3 Ra3+ 35. Ke2 Re3+ 36. Kf2 Rd3+ 37. Ke2 Re3+ 38. Kf2 Rxe4+ 39. Nxd4
Rxd4 40. fxe5+ Kxe5 41. Rg1 Kf4 42. Ke2 e5 43. g5 h5 44. Rf1+ Kg4 45. Rf6 Kxh4
46. Rxg6 Rg4 47. Re6 Rxg5 48. Kf3 Rg3+ 49. Kf2 Rg5 50. Kf3 Kh3 51. Rh6 h4 52.
Rh8 Rg1 53. Kf2 Rb1 54. Rg8 Rb4 55. Rg5 Rb5 56. Kf1 Rb1+ 57. Kf2 e4 58. Ke3 Rb4
59. Rg8 Kh2 60. Rh8 h3 61. Rg8 Kh1 62. Rg7 h2 63. Rg8 Rb1 64. Kf2 Rg1 65. Re8
Rg4 66. Rf8 e3+ 67. Kf3 Re4 0-1

[Event "NB II. Erkel csoport"]
[Site "Fot"]
[Date "2024.04.07"]
[Round "7.11"]
[White "Koronczai, Csongor"]
[Black "Schmelowszky, David"]
[Result "1/2-1/2"]
[WhiteElo "1701"]
[BlackElo "1828"]
[PlyCount "72"]
[EventDate "2023.10.08"]
[EventType "team-tourn"]
[EventRounds "9"]
[EventCountry "HUN"]
[Source "chess.hu"]
[WhiteTeam "Dunaharaszti MTK II."]
[BlackTeam "Fot SE-LearningChess"]
[WhiteTeamCountry "HUN"]
[BlackTeamCountry "HUN"]

1. e4 c5 2. Nf3 Nc6 3. d4 cxd4 4. Nxd4 Nf6 5. Nc3 e5 6. Ndb5 d6 7. Bg5 a6 8.
Na3 b5 9. Bxf6 gxf6 10. Nd5 Be6 11. c3 Bxd5 12. Qxd5 Qc7 13. Nc2 Rd8 14. Ne3
Ne7 15. Qb3 Bh6 16. Nd5 Nxd5 17. Qxd5 O-O 18. Rd1 Qc5 19. Be2 b4 20. c4 Rfe8
21. Bg4 b3 22. a3 Qxd5 23. Rxd5 Bc1 24. Ke2 Bxb2 25. Rb1 Bxa3 26. Rxb3 Bc5 27.
Rd2 Rb8 28. Rg3 Kf8 29. Rh3 Ke7 30. Rxh7 Rh8 31. Rxh8 Rxh8 32. h3 a5 33. Ra2
Bb4 34. Kd3 Ra8 35. Bd1 Rg8 36. g3 Ra8 1/2-1/2

[Event "NB II. Erkel csoport"]
[Site "Fot"]
[Date "2024.04.07"]
[Round "7.12"]
[White "Harkanyi, David"]
[Black "Czibula, Istvan"]
[Result "1/2-1/2"]
[WhiteElo "1530"]
[BlackElo "1567"]
[PlyCount "40"]
[EventDate "2023.10.08"]
[EventType "team-tourn"]
[EventRounds "9"]
[EventCountry "HUN"]
[Source "chess.hu"]
[WhiteTeam "Fot SE-LearningChess"]
[BlackTeam "Dunaharaszti MTK II."]
[WhiteTeamCountry "HUN"]
[BlackTeamCountry "HUN"]

1. e4 d5 2. exd5 Qxd5 3. Nc3 Qd8 4. Nf3 Bf5 5. d4 e6 6. Bf4 c6 7. Bd3 Bg6 8.
O-O Nf6 9. Re1 Bh5 10. Ne4 Nxe4 11. Bxe4 Bd6 12. Bxd6 Qxd6 13. d5 cxd5 14. Bxd5
Qb6 15. Qd2 O-O 16. Be4 Nc6 17. b3 Rfd8 18. Qg5 Bxf3 19. Bxf3 h6 20. Qh4 Rd2
1/2-1/2

[Event "NB II. Erkel csoport"]
[Site "Eger"]
[Date "2024.04.07"]
[Round "7.1"]
[White "Reviczki, Roland"]
[Black "Boricsev, Oleg"]
[Result "1/2-1/2"]
[WhiteElo "2231"]
[BlackElo "2192"]
[PlyCount "98"]
[EventDate "2023.10.08"]
[EventType "team-tourn"]
[EventRounds "9"]
[EventCountry "HUN"]
[Source "chess.hu"]
[WhiteTeam "TFSE"]
[BlackTeam "Egri Bolyky BastyaSE"]
[WhiteTeamCountry "HUN"]
[BlackTeamCountry "HUN"]

1. e4 e5 2. Nf3 Nc6 3. Bb5 a6 4. Ba4 Nge7 5. O-O Ng6 6. d4 exd4 7. Nxd4 Bc5 8.
Be3 Nxd4 9. Bxd4 Bxd4 10. Qxd4 O-O 11. Nc3 d6 12. Bb3 Be6 13. f4 Bxb3 14. axb3
Ne7 15. Qc4 b5 16. Qd3 f5 17. Rfe1 Qd7 18. e5 d5 19. b4 Qc6 20. Red1 Qb6+ 21.
Kh1 Rfd8 22. Ne2 g6 23. Qc3 Qc6 24. Rd3 Qxc3 25. Rxc3 d4 26. Rb3 Kf7 27. Nc1
Nd5 28. Nd3 Ne3 29. Rc1 a5 30. Kg1 axb4 31. Rxb4 c6 32. Nc5 Rd5 33. Nb3 Ra4 34.
Rxa4 bxa4 35. Nd2 Rb5 36. Ra1 Rxb2 37. Rxa4 Nxc2 38. Nc4 Rb1+ 39. Kf2 d3 40.
Ra6 Nb4 41. Ra8 Rc1 42. Nd2 Nd5 43. g3 Rc2 44. Ke1 c5 45. Ra7+ Ke8 46. Ra8+ Kd7
47. Ra7+ Kc8 48. Ra8+ Kc7 49. Ra7+ Kc8 1/2-1/2

[Event "NB II. Erkel csoport"]
[Site "Eger"]
[Date "2024.04.07"]
[Round "7.2"]
[White "Huszar, Mark"]
[Black "Laszlo, Csaba"]
[Result "1-0"]
[WhiteElo "2084"]
[BlackElo "2077"]
[PlyCount "105"]
[EventDate "2023.10.08"]
[EventType "team-tourn"]
[EventRounds "9"]
[EventCountry "HUN"]
[Source "chess.hu"]
[WhiteTeam "Egri Bolyky BastyaSE"]
[BlackTeam "TFSE"]
[WhiteTeamCountry "HUN"]
[BlackTeamCountry "HUN"]

1. e4 c5 2. Nf3 Nc6 3. d4 cxd4 4. Nxd4 g6 5. c4 Bg7 6. Be3 Nf6 7. Nc3 d6 8. Be2
O-O 9. Rc1 Bd7 10. Qd2 Nxd4 11. Bxd4 Bc6 12. f3 a5 13. g4 Nd7 14. Bxg7 Kxg7 15.
h4 f6 16. h5 g5 17. h6+ Kh8 18. Nd1 Ne5 19. Qd4 b5 20. Kf2 bxc4 21. Bxc4 Rb8
22. Rc2 Qb6 23. Qxb6 Rxb6 24. Ne3 Rfb8 25. b3 R6b7 26. Nf5 Rd8 27. Ke3 Nxc4+
28. Rxc4 Bb5 29. Rc3 Kg8 30. Rhc1 Kf7 31. Rc7 Rxc7 32. Rxc7 Rd7 33. Rc8 e6 34.
Nd4 Rb7 35. Ra8 a4 36. Nxb5 Rxb5 37. Rxa4 d5 38. exd5 Rxd5 39. Ra7+ Kg6 40. a4
Kxh6 41. b4 Rd1 42. a5 Rb1 43. Rb7 Ra1 44. Rb6 Ra4 45. a6 Kg6 46. b5 Ra5 47.
Rb7 h5 48. gxh5+ Kxh5 49. a7 g4 50. fxg4+ Kxg4 51. b6 f5 52. Rg7+ Kh3 53. Rg8
1-0

[Event "NB II. Erkel csoport"]
[Site "Eger"]
[Date "2024.04.07"]
[Round "7.3"]
[White "Suto, Gabor"]
[Black "Vas, Vince"]
[Result "0-1"]
[WhiteElo "2162"]
[BlackElo "1967"]
[PlyCount "78"]
[EventDate "2023.10.08"]
[EventType "team-tourn"]
[EventRounds "9"]
[EventCountry "HUN"]
[Source "chess.hu"]
[WhiteTeam "TFSE"]
[BlackTeam "Egri Bolyky BastyaSE"]
[WhiteTeamCountry "HUN"]
[BlackTeamCountry "HUN"]

1. d4 d5 2. c4 c6 3. Nf3 Nf6 4. Nc3 e6 5. e3 Nbd7 6. Qc2 Bd6 7. g4 Nxg4 8. Rg1
Nh6 9. Bd2 Qf6 10. Be2 Nf5 11. O-O-O h6 12. Kb1 Nf8 13. e4 dxe4 14. Nxe4 Qe7
15. d5 cxd5 16. cxd5 e5 17. Bb5+ Kd8 18. Ba5+ b6 19. Bc6 Rb8 20. Nxd6 Nxd6 21.
Qb3 Bf5+ 22. Ka1 Nd7 23. Bb4 a5 24. Bxd6 Qxd6 25. Qe3 Re8 26. Rxg7 Qf6 27. Rgg1
Bg6 28. Nd2 Qf4 29. Qa3 e4 30. Nc4 Re7 31. Rg3 h5 32. Rb3 Qxf2 33. Bxd7 Rxd7
34. Qf8+ Kc7 35. d6+ Kb7 36. Qg7 Ka7 37. Qe5 Qc5 38. Nxa5 Rc8 39. Qxc5 Rxc5 0-1

[Event "NB II. Erkel csoport"]
[Site "Eger"]
[Date "2024.04.07"]
[Round "7.4"]
[White "Huszar, Lorant"]
[Black "Gabula, Adam"]
[Result "1/2-1/2"]
[WhiteElo "1969"]
[BlackElo "1976"]
[PlyCount "113"]
[EventDate "2023.10.08"]
[EventType "team-tourn"]
[EventRounds "9"]
[EventCountry "HUN"]
[Source "chess.hu"]
[WhiteTeam "Egri Bolyky BastyaSE"]
[BlackTeam "TFSE"]
[WhiteTeamCountry "HUN"]
[BlackTeamCountry "HUN"]

1. e4 c5 2. Nf3 e6 3. c3 Nf6 4. e5 Nd5 5. d4 cxd4 6. cxd4 Nc6 7. Bc4 Nb6 8. Bb3
d5 9. exd6 Bxd6 10. O-O O-O 11. Nc3 Nb4 12. Bg5 Be7 13. Bf4 N4d5 14. Bg3 Bd7
15. Rc1 Bc6 16. Ne5 Bg5 17. Nxc6 bxc6 18. Rc2 Rc8 19. Ne4 Bf4 20. Bxf4 Nxf4 21.
Qf3 Nbd5 22. Rfc1 Qb6 23. Rc5 Rfd8 24. g3 Ng6 25. Ng5 Rf8 26. h4 h6 27. Ne4
Rfd8 28. h5 Nf8 29. g4 Nh7 30. Kh1 Nhf6 31. Bxd5 Nxd5 32. Qe2 Nb4 33. Qc4 Nd5
34. b3 Nf4 35. Rd1 Rd5 36. Qc1 Qc7 37. Qe3 Rcd8 38. Rc4 e5 39. Nc3 Rxd4 40.
Rcxd4 Rxd4 41. Rxd4 exd4 42. Qxd4 Ne6 43. Qe4 Qd8 44. Kg2 Qh4 45. Qf3 Qg5 46.
Ne2 Qd2 47. a4 a5 48. Kg3 Ng5 49. Qe3 Qd1 50. Nf4 Qg1+ 51. Kh4 Qh1+ 52. Nh3 Qh2
53. Qe8+ Kh7 54. Qe3 Kg8 55. Qe8+ Kh7 56. Qe3 Kg8 57. Qe8+ 1/2-1/2

[Event "NB II. Erkel csoport"]
[Site "Eger"]
[Date "2024.04.07"]
[Round "7.5"]
[White "Gyorfi, Adam"]
[Black "Kovacs, Daniel"]
[Result "1-0"]
[WhiteElo "1994"]
[BlackElo "1997"]
[PlyCount "57"]
[EventDate "2023.10.08"]
[EventType "team-tourn"]
[EventRounds "9"]
[EventCountry "HUN"]
[Source "chess.hu"]
[WhiteTeam "TFSE"]
[BlackTeam "Egri Bolyky BastyaSE"]
[WhiteTeamCountry "HUN"]
[BlackTeamCountry "HUN"]

1. d4 Nf6 2. c4 d5 3. cxd5 Nxd5 4. e4 Nb6 5. Nf3 Bg4 6. Be3 e6 7. Nc3 Be7 8. h3
Bh5 9. Rc1 O-O 10. Bd3 Nc6 11. g4 Bg6 12. h4 f6 13. h5 Be8 14. a3 Bd7 15. b4 a6
16. Qc2 e5 17. Qb3+ Kh8 18. Nh4 g5 19. hxg6 Be8 20. Bh6 Rg8 21. g7+ Rxg7 22.
Bxg7+ Kxg7 23. Nf5+ Kh8 24. Rxh7+ Kxh7 25. Kd2 Bh5 26. Rh1 Qg8 27. Rxh5+ Kg6
28. Qxg8+ Rxg8 29. d5 1-0